000 00603nam a2200241Ia 4500
005 20250425162341.0
008 250425s9999 xx 000 0 und d
020 _a9701039491
041 _aspa
082 _a658
100 _aKOONTZ, HAROLD
245 0 _aADMINISTRACIÓN: UNA PERSPECTIVA GLOBAL
250 _a12A ED.
260 _aEstados Unidos
_bMCGRAW-HILL
_c2004
260 _aS.L.
300 _a804
650 _aADMINISTRACION DE EMPRESAS
650 _aADMINISTRACION DE PERSONAL
650 _aESTRUCTURA ORGANIZACIONAL
650 _aLIDERAZGO
942 _c01
010 _a64636
999 _c227433
_d227433